000 00627nam a2200217Ia 4500
003 OSt
005 20220926013036.0
006 a|||||r|||| 00| 0
007 ta
008 220923b |||||||| |||| 00| 0 eng d
037 _cGeneral Book
040 _aRTL
_cRTL
_beng
041 _2eng
_aeng
082 _aY:4:5.1.N7, L3
100 _aKanter Rosabeth Moss
_9131042
245 0 _aCommunes
_b Creating and managing the collective li
260 _aNew York
_bHarper and Row
_c1973
300 _axiv,544p
_ccm.
942 _hY:4:5.1.N7, L3
_cGB
_2CC
999 _c625047
_d625047